000 01128cad a22001935a 4500
001 L153762
008 110825s2011 xxk f 000 0 eng d
035 _a(Sirsi) u153762
041 0 _aeng
110 2 _aUnited Kingdom
_bDepartment for Environment Food and Rural Affairs
245 0 0 _aBenefits of Sites of Special Scientific Interest
_h[electronic resource]
260 _aLondon
_bDEFRA
_c2011
520 _aExplores the range of valuable ecosystem services that Sites of Special Scientific Interest (SSSIs) provide and gives estimates for the monetary value of the benefits derived from protecting biodiversity. The study shows that SSSIs deliver a range of ecosystem service including cultural services to people and the economy including tourism and education and by regulating services including water purification and regulation of climate.
590 _aKA NTK
651 4 _aEngland
_y886-
690 _aENVIRONMENTAL AND LAND CONSULTANCY-LAND MANAGEMENT
856 4 0 _uhttps://randd.defra.gov.uk/Document.aspx?Document=finalreportsssis-benefits.pdf
_zView the report free of charge at www.defra.gov.uk
942 _n0
999 _c112688
_d112688